Long métrages Don Bluth - Statistiques

Statistiques générales
  • Ce quiz a été pris 3 fois
  • Le résultat moyen est 5 sur 29
Statistiques - réponses
Année Réponse % Correct
1982 Brisby et le Secret de NIMH
100%
1991 Fievel au Far West
100%
1986 Fievel et le Nouveau Monde
100%
1997 Anastasia
50%
1994 Poucelina
50%
1991 Rock-o-Rico
50%
1999 Bartok le Magnifique
0%
1989 Charlie
0%
1996 Charlie 2
0%
1999 Fievel et le Mystère de la nuit
0%
1998 Fievel et le Trésor perdu
0%
1998 La Légende de Brisby
0%
1994 Le Lutin magique
0%
1988 Le Petit Dinosaure et la Vallée des merveilles
0%
1998 Le Petit Dinosaure : La Légende du Mont Saurus
0%
2000 Le Petit Dinosaure : La Pierre de feu
0%
2001 Le Petit Dinosaure : La Pluie d'étoiles glacées
0%
1995 Le Petit Dinosaure : La Source miraculeuse
0%
2006 Le Petit Dinosaure : Le Jour du grand envol
0%
2003 Le Petit Dinosaure : Les Longs-Cous et le Cercle de lumière
0%
2016 Le Petit Dinosaure : L'Expédition héroïque
0%
1997 Le Petit Dinosaure : L'Île mystérieuse
0%
2005 Le Petit Dinosaure : L'Invasion des Minisaurus
0%
2002 Le Petit Dinosaure : Mo, l'ami du grand large
0%
1994 Le Petit Dinosaure : Petit-Pied et son nouvel ami
0%
2007 Le Petit Dinosaure : Vive les amis
0%
1996 Le Petit Dinosaure : Voyage au pays des brumes
0%
2000 Titan A.E.
0%
1995 Youbi, le petit pingouin
0%
Aucun quiz correspondant
Distribution des résultats
% des personnes avec chaque résultat
Percentile par nombre de réponses
Votre historique - résultats
Vous n’avez pas pris ce quiz